00683 a2200169 4500020002300000035001300023037004700036082001000083100002600093245017800119250001300297260003600310270008900346300003400435500002400469700002000493 a8186270922c375.00 aB-156760 bRP-ZLS-2424 / PANSY-07-08:3 / RP-07-08:ENG14a615.11 aSiddiqui, Anees Ahmad1 aObjective pharmacy kitban ideal book to get success in interview..................admission test and other competitive examinationscby Anees Ahmad Siddiqui, Seemi Siddiqui a3rd ed. aDelhibBirla Publicationsc2006 a1/9185, Street No. 5, West Rohtas Nagar, ShahdaracDelhie110032k22323254l23324544 aVarious pagingsc24 cm (pbk) aincludes glossary aSiddiqui, Seemi